| 000 | 00584cab a2200217 4500 | ||
|---|---|---|---|
| 001 | WB2546-03 | ||
| 008 | 090401t1989 xxu||||| |||| 00| 0 eng d | ||
| 035 | _a(Sirsi) u4092 | ||
| 041 | _aeng | ||
| 245 | _aPhillips misattribute painting | ||
| 260 | _c1989 | ||
| 350 | _a0 | ||
| 490 |
_aTimes _v20/11/89 p3 |
||
| 520 | _aHaving misattributed a painting so that it was sold below its value, Phillips now face legal action. | ||
| 650 | _aAUCTIONEERS | ||
| 650 | _aNEGLIGENCE | ||
| 650 |
_aValuation _96273 |
||
| 690 |
_aAuctioneering _96218 |
||
| 942 | _n0 | ||
| 948 | _c04/03/1997 | ||
| 999 |
_c2450 _d2450 |
||